000
00316nam a2200121Ia 4500
008
191201s2003 xx 000 0 und d
100
_a
RATHORE, Mahesh M
245
2
_a
A B C of Mechanical Engineering
260
_a
New Delhi
_b
Dhanpat Rai Pub (P) Ltd
_c
2003
300
_a
313
650
_a
B.Tech(ME)
942
_2
ddc
_c
BK
999
_c
1994
_d
1994